South Eastern Kenya University

Library Online Public Access Catalogue


Mass Spectrometry for Organic Chemistry (Record no. 2279)

MARC details
000 -LEADER
fixed length control field 00273nam a22001097a 4500
020 ## - ISBN
International Standard Book Number 0521083818
050 ## - LIBRARY OF CONGRESS CALL NUMBER
Classification Number QD 241
Item Number J64
100 ## - MAIN ENTRY--Author
Personal name Johnstone R.A.W.
245 ## - TITLE
Title Mass Spectrometry for Organic Chemistry
260 ## - PUBLICATION, DISTRIBUTION, ETC.(IMPRINT)
Name of publisher, distributor, etc Combridge at the University Press
Date of publication, distribution, etc 1972
942 ## - ADDED ENTRY ELEMENTS(KOHA)
Koha item type General circulation
Holdings
Source of classification or shelving scheme Not for loan Location (home branch) Sublocation (holding branch) Date accessioned Cost, normal purchase price Full call number Barcode Cost, replacement price Koha item type Public note
Library of Congress Classification   Main Campus Library Main Campus Library 28/08/2014 2923.20 QD 241 J64 2019/022753 3423.20 General circulation kim
Kitui, Kenya.
+254736116989
library@seku.ac.ke